Design and implementation of interactive web surfing application (Record no. 181032)
[ view plain ]
| 000 -LEADER | |
|---|---|
| fixed length control field | 00719 a2200181 4500 |
| 003 - CONTROL NUMBER IDENTIFIER | |
| control field | Nust |
| 005 - DATE AND TIME OF LATEST TRANSACTION | |
| control field | 20170207153202.0 |
| 040 ## - CATALOGING SOURCE | |
| Transcribing agency | Nust |
| 082 ## - DEWEY DECIMAL CLASSIFICATION NUMBER | |
| Classification number | 005.1 |
| 100 ## - MAIN ENTRY--PERSONAL NAME | |
| Personal name | Ali, Akhtar (MSCS-7) |
| 245 ## - TITLE STATEMENT | |
| Title | Design and implementation of interactive web surfing application |
| Statement of responsibility, etc. | Akhtar Ali |
| 260 ## - PUBLICATION, DISTRIBUTION, ETC. | |
| Name of publisher, distributor, etc. | MCS |
| Date of publication, distribution, etc. | April 2002 |
| Place of publication, distribution, etc. | Rwp. |
| 300 ## - PHYSICAL DESCRIPTION | |
| Extent | 73 p. |
| 505 ## - FORMATTED CONTENTS NOTE | |
| Formatted contents note | Introduction (page-1), Searching techniques and chatting applications overview (page-10), Socket programming in visual C++ (page-14), Data access objects (page-30), Thesis proposal and software requirements specifications (page-39), Implementation of the software system (page-49). |
| 538 ## - SYSTEM DETAILS NOTE | |
| System details note | Almirah No 73 Shelf No 1 |
| 650 ## - SUBJECT ADDED ENTRY--TOPICAL TERM | |
| Topical term or geographic name entry element | MSCS Thesis |
| 651 ## - SUBJECT ADDED ENTRY--GEOGRAPHIC NAME | |
| Geographic name | MSCS-7 |
| 942 ## - ADDED ENTRY ELEMENTS (KOHA) | |
| Koha item type | |
| Withdrawn status | Lost status | Source of classification or shelving scheme | Damaged status | Not for loan | Collection code | Permanent Location | Current Location | Date acquired | Total Checkouts | Full call number | Barcode | Date last seen | Price effective from | Koha item type |
|---|---|---|---|---|---|---|---|---|---|---|---|---|---|---|
| Military College of Signals (MCS) | Military College of Signals (MCS) | 12/12/2016 | 005.1 ALI | MCSTCS-19 | 12/08/2016 | 12/12/2016 | Book | |||||||
| Military College of Signals (MCS) | Military College of Signals (MCS) | 12/12/2016 | 005.1 ALI | MCSTCS-215 | 12/08/2016 | 12/12/2016 | Book |
